000 00467nam a2200181Ia 4500
001 22968
005 20260414150906.0
008 260414t2013||||xx |||||||||||||| ||spa||
041 _aESP
082 _a624.171
_bM26
100 _aMarti, Peter
_eAUT
245 0 _aTheory of structures :
_bfundamentals framed structures plates and shells
260 _c2013
300 _axvi, 679 páginas :
_c28 cm.
650 _a0
654 _aCIC
942 _cLIB
_dJUS
_fJUS
_2ddc
_n
999 _c22968
_d22968